000 00572nam a2200193Ia 4500
005 20250508160733.0
008 008 250505s9999 xx 000 0 eng d
020 _a0-286-62744-2
037 _aTextual
040 _aFEDL
_beng
_cFEDL
041 _aeng
_2eng
084 _a371.91, MCM
_qFEDL
100 _aMcMichael Joan K
_9769235
245 0 _aHandicap: A study of physically handicapped children and their families
260 _aLondon, UK
_bStaples Press Ltd.
_c1971
300 _a208p.
942 _cTEXL
_h371.91, MCM
999 _c1366325
_d1366325